000 00215nam a22000977a 4500
082 _a891.4335ع ز ا
100 _aعذرا سید
245 _aرشتون کے سیراب
260 _aراولپنڈی
942 _cBK
999 _c15094
_d15094